| 000 | 01249cad a22002535a 4500 | ||
|---|---|---|---|
| 001 | E147694 | ||
| 008 | 090605e20090424xxkb f s000 0 eng d | ||
| 035 | _a(Sirsi) u147694 | ||
| 041 | 0 | _aeng | |
| 050 | 0 | 4 | _a330.9 $2 20 |
| 100 | 1 | _aHarvie-Clark, Sarah | |
| 245 | 0 | 0 |
_aPersonal debt, bankruptcy and homes _h[electronic resource] |
| 260 |
_aEdinburgh _bScottish Parliament _c2009 |
||
| 490 | 0 |
_aSPICe Briefing _v(09/25) 24 April 2009 |
|
| 505 | 2 | _aExecutive summary -- Personal debt -- Bankruptcy -- Buying and selling a home -- Mortgage arrears and repossessions -- Rented housing -- Sources -- Related briefings | |
| 520 | _aLooks at issues related to personal debt, bankruptcy and homes in the context of the current recession. For each topic, the following areas are considered: the current legal and policy framework; the effect of the recession; government responses to the recession; and any public discussion of the government response. | ||
| 521 | _aAdvanced | ||
| 590 | _aKA | ||
| 651 | 4 |
_aScotland _y1999- |
|
| 690 | _aPROPERTY | ||
| 700 | 1 | _aHough, Richard | |
| 856 | 4 | 0 |
_uhttps://www.scottish.parliament.uk/business/research/subject/HouPla.htm _zView the briefing free of charge at www.scottish.parliament.uk... |
| 942 | _n0 | ||
| 999 |
_c109683 _d109683 |
||